| 000 | 00505nam a22001937a 4500 | ||
|---|---|---|---|
| 003 | CEME | ||
| 005 | 20210628203009.0 | ||
| 008 | 210105b xxu||||| |||| 00| 0 eng d | ||
| 020 | _a9788126554232 | ||
| 040 | _c. | ||
| 082 | _a510.2462 KRE | ||
| 100 |
_aKreyszig, Erwin _9572 |
||
| 245 | _aAdvanced engineering mathematics ,international student version | ||
| 250 | _a10TH | ||
| 260 |
_aINDIA _bWILEY _c2016 |
||
| 300 | _aXV, 1125P | ||
| 650 |
_aTEXTBOOK-MTS. MATHEMATICS _962786 |
||
| 942 |
_cBK _2ddc |
||
| 999 |
_c571779 _d571779 |
||